Logos de marques par lettre - O - Statistiques

Statistiques générales
  • Ce quiz a été pris 37 471 fois
  • Le résultat moyen est 11 sur 16
Statistiques - réponses
Par images Hint Réponse % Correct
Télécommunication Orange
99%
Boisson Orangina
99%
Boisson Oasis
98%
Automobile Opel
92%
Sport Olympique de Marseille
91%
Restauration O’Tacos
90%
Papeterie Oxford
89%
Hygiène Oral-b
88%
Hygiène Okay
84%
Santé Optic 2000
76%
Navigateur Opera
65%
Alimentaire Old El Paso
61%
Santé Optical Center
50%
Technologie One Plus
25%
Enseignement Onisep
22%
Radio Oui FM
11%
Aucun quiz correspondant
Distribution des résultats
% des personnes avec chaque résultat
Percentile par nombre de réponses
Votre historique - résultats
Vous n’avez pas pris ce quiz